Multimedia et le droit (Le): internet, off line, on line (Record n. 90381)
[ formato base ]
| 000 -LEADER | |
|---|---|
| fixed length control field | 02185nam a2200313Ia 4500 |
| 001 - CONTROL NUMBER | |
| control field | E2004 |
| 003 - CONTROL NUMBER IDENTIFIER | |
| control field | IT-RoPAU |
| 008 - FIXED-LENGTH DATA ELEMENTS--GENERAL INFORMATION | |
| fixed length control field | 130308s9999 xx 000 0 und d |
| 040 ## - CATALOGING SOURCE | |
| Original cataloging agency | IT-RoPAU |
| 040 ## - CATALOGING SOURCE | |
| Transcribing agency | IT-RoPAU |
| 041 ## - LANGUAGE CODE | |
| Language code of text/sound track or separate title | FRANCESE |
| 100 ## - MAIN ENTRY--PERSONAL NAME | |
| Personal name | AA.VV. |
| 100 ## - MAIN ENTRY--PERSONAL NAME | |
| Miscellaneous information | Codice Aut. SPICS: 12000 |
| 245 ## - TITLE STATEMENT | |
| Title | Multimedia et le droit (Le): internet, off line, on line |
| 245 ## - TITLE STATEMENT | |
| Remainder of title | Multimedia et le droit (Le): Internet, Off Line, On Line |
| 250 ## - EDITION STATEMENT | |
| Edition statement | 1a ed. |
| 260 ## - PUBLICATION, DISTRIBUTION, ETC. (IMPRINT) | |
| Place of publication, distribution, etc. | PARIS |
| 260 ## - PUBLICATION, DISTRIBUTION, ETC. (IMPRINT) | |
| Name of publisher, distributor, etc. | Hermes |
| 260 ## - PUBLICATION, DISTRIBUTION, ETC. (IMPRINT) | |
| Date of publication, distribution, etc. | 1996 [1° Ed.:1996 - Ed.Ling.Originale:1996] |
| 300 ## - PHYSICAL DESCRIPTION | |
| Extent | "732 p. (prefazione: 36; testo: 696)" |
| 500 ## - GENERAL NOTE | |
| General note | Multimedia e Diritto: Internet, Off Line, On Line. Opera Multimedia: Architettura e Concetti. mercati e Attori del Multimedia. regime Generale delle Creazioni. Autore dell'Opera Multimedia. Realizzazione di un'opera Multimedia. Immagine, Suono e testo nell'opera Multimedia. protezione per Disegni Emodelli. banca Data Multimedia. scenario e software nell'opera Multimedia.Diritti degli Artisti e interpreti nell'opera Multimedia. Statuto dell'Opera Multimedia. internet e Autostrade dell'Informazione. protezione dei Personaggi e degli Elementi di Identificazione dell'Opera Multimedia. Multimedia di Rete e regolamentazione delle Telecomunicazioni. Produzione Audiovisiva. Contratto di Edizione di Opere Multimedia. Distribuzione di Opere Multimedia. utente di Opere Multimedia. manutenzione dei prodotti Multimediali. commercio Elettronico. tv numerica Interattiva. Teleinsegnamento. Telelavoro. Catalogo Elettronico. Telemedicina. Informazione e immagini Virtuali. Segnali Interattivi. Dischi Numerici. Deposito legale del Multimedia. Gestionedelle risorse Umane. legge Informatica, Libertà e Multimedia. Principi Generali dei Contratti. Responsabilità nella Diffusione di un prodotto Multimedia. Diritto D'Autore, di Stampa e Comunicazione. Finanziamento. Multimedia nel Contesto Comunitario e Internazionale. Allegati. |
| 650 ## - SUBJECT ADDED ENTRY--TOPICAL TERM | |
| Topical term or geographic name as entry element | DIRITTO NELLA MULTIMEDIALITA' |
| 650 ## - SUBJECT ADDED ENTRY--TOPICAL TERM | |
| Relator term | Codice materia Spics: 4621 |
| 700 ## - ADDED ENTRY--PERSONAL NAME | |
| Personal name | Demnard-Tellier Isabelle |
| 700 ## - ADDED ENTRY--PERSONAL NAME | |
| Miscellaneous information | Codice Aut. SPICS: 47503 |
| 942 ## - ADDED ENTRY ELEMENTS (KOHA) | |
| Koha item type | LIBRO |
| 957 ## - | |
| -- | 1 |
| 999 ## - SYSTEM CONTROL NUMBERS (KOHA) | |
| -- | 1 |
| Withdrawn status | Lost status | Damaged status | Not for loan | Home library | Current library | Date acquired | Total Checkouts | Full call number | Date last seen | Price effective from | Koha item type | Public note |
|---|---|---|---|---|---|---|---|---|---|---|---|---|
| Buone Condizioni | Not For Loan | SPICS-MEDIATECA | SPICS-MEDIATECA | 08/03/2013 | E2004 | 08/03/2013 | 08/03/2013 | LIBRO | Progressivo inserimento: 21153 / N. Volumi: 1 Copie: 1 / data import: 1 marzo 2013 - By Epidotti, Trombetti, Vaglietti. |